00338nam a22001337a 450000500170000000800410001704100080005808200090006610000240007524500350009926000380013430000080017265000240018020160521094044.0160521b xxu||||| |||| 00| 0 eng d aeng b3644 aRobert E. Reed Hill aPhysical Matallurgy Principles bLitton Educational Publishing Izd a900 aDIPLOMA ENGINEERING